Basic Biostatistics: statistics for public health practice

Enregistré dans:
Détails bibliographiques
Auteur principal: Gertsman, B. Burt (Auteur)
Format: Livre
Langue:anglais
Publié: Sudbury Jones and Bartlett 2008
Sujets:
Tags: Ajouter un tag
Pas de tags, Soyez le premier à ajouter un tag!

MARC

LEADER 00000nam a2200000 a 4500
001 UCG5830
003 CL-VaPUC
008 110324e20080000US |||||||||||||||||eng|d
020 |a 9780763735807 
082 0 4 |a 570.15195  |b GER  |2 21 
100 0 |a Gertsman, B. Burt  |e author  |9 555693 
245 1 0 |a Basic Biostatistics: statistics for public health practice 
300 |a 557 p 
942 |c BK 
945 |d 20110324 00:00:00  |a dcastane 
260 |a Sudbury  |b Jones and Bartlett  |c 2008 
500 |a Incluye separata con fórmulas y tablas 
650 0 |a Bioestadística  |9 261187 
650 0 |a Estadística matemática  |9 260028 
650 0 |a Estadística aplicada  |9 270522 
650 7 |a CIENCIAS MEDICAS  |2 CL-VaPUC  |9 337221 
583 |a last modification  |c 20180327 04:20:54  |k Rodrigo Vera 
999 |c 344192  |d 344190 
952 |0 0  |1 0  |4 0  |6 570_151950000000000_GER_2008  |7 0  |8 A  |9 442032  |a BIBGIM  |b BIBGIM  |d 2019-11-22  |i 4758919  |o 570.15195 GER 2008  |p 4758919  |r 2025-01-15  |w 2019-11-22  |y BK  |k EST 
952 |0 0  |1 0  |4 0  |6 570_151950000000000_GER_2008  |7 0  |8 A  |9 442033  |a BIBGIM  |b BIBGIM  |d 2019-11-22  |i 4758927  |o 570.15195 GER 2008  |p 4758927  |r 2025-01-15  |w 2019-11-22  |y BK  |k EST